000 00635nam a2200205Ia 4500
005 20260601193259.0
008 260601s9999||||xx |||||||||||||| ||und||
020 _a978-3-031-70242-6
_qebk
100 _aAmon Rapp
245 0 _aNatural Language Processing and Information Systems
250 _a2024
260 _aHeidelberg, Germany
_bSpringer Nature
_c2024
440 _aLecture Notes in Computer Science
650 _aComputer Science
700 _aFarid Meziane
700 _aLuigi Di Caro
700 _aVijayan Sugumaran
856 _uhttps://link.springer.com/openurl?genre=book&isbn=978-3-031-70242-6
942 _cEB
_2ddc
999 _c56976
_d56976